| 000 | 00696nam a2200241 a 4500 | ||
|---|---|---|---|
| 001 | BRL_15 | ||
| 005 | 20190320210542.0 | ||
| 008 | 830209s1949####nyua#####b---#000-0#eng-# | ||
| 040 |
_aDLC _cDLC _dDLC |
||
| 041 | _aeng | ||
| 044 | _anyu | ||
| 050 | 4 |
_aTR15 _b.N47 1949 |
|
| 100 | 1 |
_aNewhall, Beaumont _922662 |
|
| 245 | 1 | 0 |
_aThe history of photography _bfrom 1839 to the present day _cby Beaumont Newhall. |
| 260 |
_aNueva York _bThe Museum of Modern Art _cc1949 |
||
| 300 |
_a256 p. _bil. (algunas a color) _c26 cm. |
||
| 500 | _aIncluye índice alfabético | ||
| 500 | _aAu4 | ||
| 504 | _aBibliografía: p. 251 | ||
| 650 | 1 | 4 |
_aFotografía _xHistoria _914547 |
| 902 | _aGRL | ||
| 942 |
_2lcc _cB |
||
| 999 |
_c8828 _d8828 |
||